[Event "XV Festival A"]
[Site "Padova ITA"]
[Date "2012.12.18"]
[Round "3"]
[White "Lantini, Marco"]
[Black "Zuttioni, Federico"]
[WhiteElo "2186"]
[BlackElo "2001"]
[Result "0-1"]
[PlyCount "68"]
[EventDate "2012.12.16"]

1. d4 Nf6 2. c4 e6 3. Nf3 Bb4+ 4. Nbd2 b6 5. a3 Bxd2+ 6. Bxd2 Ne4 7. g3 Bb7 8.
Bg2 Nxd2 9. Qxd2 O-O 10. d5 d6 11. Nd4 e5 12. Nf5 Bc8 13. e4 a5 14. O-O a4 15.
f4 Bxf5 16. exf5 exf4 17. f6 Qxf6 18. Rxf4 Qd8 19. Be4 Nd7 20. Raf1 Ne5 21. Qd1
g6 22. Bc2 Qd7 23. Rh4 f5 24. Rhf4 Ng4 25. R1f3 Rfe8 26. c5 dxc5 27. Bxa4 b5
28. Bb3 c4 29. Ba2 Re5 30. Rd4 Rae8 31. Qd2 Re2 32. Qb4 Qe7 33. Qxe7 R8xe7 34.
a4 Rxb2 0-1

[Event "XV Festival A"]
[Site "Padova ITA"]
[Date "2012.12.18"]
[Round "3"]
[White "Milazzo, Mario"]
[Black "Sibilio, Mario"]
[WhiteElo "2091"]
[BlackElo "2349"]
[Result "0-1"]
[PlyCount "134"]
[EventDate "2012.12.16"]

1. c4 e6 2. Nf3 Nf6 3. g3 a6 4. Bg2 b5 5. b3 Bb7 6. Bb2 c5 7. O-O Be7 8. Na3 b4
9. Nc2 O-O 10. d4 Be4 11. Ne3 cxd4 12. Nxd4 Qb6 13. Rc1 d6 14. Bxe4 Nxe4 15.
Qc2 Qb7 16. f3 Nc5 17. Rcd1 Nbd7 18. Ng2 Rfd8 19. h3 Rac8 20. Qd2 Bf6 21. Ba1
Rb8 22. Kh2 h6 23. e4 Nf8 24. Ne3 h5 25. h4 Ng6 26. Qe2 Ne7 27. Rd2 Qc7 28. Kg2
Qb6 29. Rfd1 Ng6 30. Qf2 Ne5 31. Ndc2 a5 32. Bd4 Qc6 33. Bxc5 dxc5 34. Rxd8+
Bxd8 35. Kh2 Bc7 36. f4 Nd7 37. Qg2 Nb6 38. e5 Qxg2+ 39. Kxg2 a4 40. Kf3 Ra8
41. Ra1 Kf8 42. Nd1 Ke7 43. Nf2 f6 44. exf6+ gxf6 45. g4 hxg4+ 46. Nxg4 Nd7 47.
Nf2 Rh8 48. Rh1 f5 49. Nd3 axb3 50. axb3 Bd6 51. h5 Rh6 52. Nce1 Nf6 53. Nb2
Rxh5 54. Rxh5 Nxh5 55. Ned3 Nf6 56. Na4 Ne4 57. Ke3 Kd7 58. Nab2 Nf6 59. Nd1
Kc7 60. Kf3 Nd7 61. Ne3 Nb8 62. Nc2 Nc6 63. Ke3 Bf8 64. Nce1 Kd6 65. Nc1 Bh6
66. Kf3 e5 67. fxe5+ Nxe5+ 0-1

[Event "XV Festival A"]
[Site "Padova ITA"]
[Date "2012.12.18"]
[Round "3"]
[White "Mogranzini, Roberto"]
[Black "Burmakin, Vladimir"]
[WhiteElo "2489"]
[BlackElo "2558"]
[Result "1/2-1/2"]
[PlyCount "73"]
[EventDate "2012.12.16"]

1. e4 c6 2. d4 d5 3. e5 Bf5 4. h4 h5 5. c4 e6 6. Nc3 Ne7 7. Nge2 dxc4 8. Ng3 b5
9. Bg5 Qa5 10. Be2 Bg4 11. f3 Bf5 12. a4 Qb6 13. a5 Qb7 14. O-O Na6 15. f4 Nb4
16. Bxh5 Bd3 17. Rf2 Qd7 18. Bf3 O-O-O 19. Nce4 Nf5 20. Bxd8 Qxd8 21. Nxf5 exf5
22. Ng5 Qxd4 23. g3 Bc5 24. Qd2 Qd7 25. Kh2 Nc2 26. Rd1 Qc7 27. Re2 Re8 28. Qc1
Bxe2 29. Bxe2 Nd4 30. Bxc4 bxc4 31. Qxc4 Qxa5 32. Rxd4 Bxd4 33. Qxc6+ Kd8 34.
Qd6+ Kc8 35. Qc6+ Kd8 36. Qd6+ Kc8 37. Qc6+ 1/2-1/2

[Event "XV Festival A"]
[Site "Padova ITA"]
[Date "2012.12.18"]
[Round "3"]
[White "Petkov, Vladimir"]
[Black "Santolini, Luigi"]
[WhiteElo "2567"]
[BlackElo "2144"]
[Result "1-0"]
[PlyCount "83"]
[EventDate "2012.12.16"]

1. d4 Nf6 2. c4 c5 3. d5 e6 4. Nc3 exd5 5. cxd5 d6 6. e4 g6 7. f4 Bg7 8. Bb5+
Nfd7 9. Nf3 O-O 10. O-O a6 11. Bd3 b5 12. Kh1 Bb7 13. a3 Nf6 14. f5 Nbd7 15.
Bg5 Qc7 16. Qe1 h6 17. Bd2 g5 18. Qg3 Rfe8 19. Rae1 Ne5 20. Nxe5 Rxe5 21. Nd1
Rae8 22. Nf2 Kh7 23. h4 gxh4 24. Qxh4 Qe7 25. Qh3 Qf8 26. Bc3 R5e7 27. Bc2 Kh8
28. b4 cxb4 29. Bxb4 Rc7 30. Bb1 Rc4 31. e5 Nxd5 32. Bxd6 Qg8 33. Ne4 Rc6 34.
f6 Bf8 35. Bxf8 Qxf8 36. Nd6 Rxd6 37. exd6 Rxe1 38. Rxe1 Nxf6 39. d7 Qd8 40.
Qxh6+ Kg8 41. Bh7+ Kh8 42. Bg6+ 1-0

[Event "XV Festival A"]
[Site "Padova ITA"]
[Date "2012.12.18"]
[Round "3"]
[White "Sanchez, Joseph"]
[Black "Valsecchi, Alessio"]
[WhiteElo "2533"]
[BlackElo "2422"]
[Result "1/2-1/2"]
[PlyCount "61"]
[EventDate "2012.12.16"]

1. e4 c6 2. d4 d5 3. e5 c5 4. c4 Nc6 5. dxc5 d4 6. a3 a5 7. Bf4 a4 8. Bd3 g5 9.
Bg3 Qa5+ 10. Nd2 Bg7 11. Qe2 Qxc5 12. b4 axb3 13. Nxb3 Rxa3 14. Nxc5 Rxa1+ 15.
Kd2 Ra2+ 16. Bc2 Nb4 17. Qf3 Rxc2+ 18. Kd1 Rc3 19. Qe4 Rxc4 20. Nxb7 f5 21. Qf3
Rc3 22. Qh5+ Kd7 23. e6+ Kxe6 24. Nf3 Bxb7 25. Re1+ Kd7 26. Qxg5 Bd5 27. Qxg7
Bb3+ 28. Ke2 Bc4+ 29. Kd1 Bb3+ 30. Ke2 Bc4+ 31. Kd1 1/2-1/2

[Event "XV Festival A"]
[Site "Padova ITA"]
[Date "2012.12.18"]
[Round "3"]
[White "Shishkin, Vadim"]
[Black "Manca, Federico"]
[WhiteElo "2501"]
[BlackElo "2433"]
[Result "1-0"]
[PlyCount "93"]
[EventDate "2012.12.16"]

1. d4 Nf6 2. c4 e6 3. Nf3 Bb4+ 4. Nbd2 d5 5. e3 O-O 6. a3 Be7 7. Bd3 b6 8. b3
Bb7 9. Bb2 Nbd7 10. O-O c5 11. Qe2 cxd4 12. exd4 Re8 13. h3 Bf8 14. Rac1 Rc8
15. Rfd1 g6 16. Qe3 dxc4 17. bxc4 Bg7 18. Nf1 Qc7 19. Ng3 Bc6 20. Bf1 Qb7 21.
Re1 Rcd8 22. Bc3 Qc7 23. Bd2 Nb8 24. Bc3 Bb7 25. Red1 Nc6 26. Bb2 Ne7 27. Qb3
Nf5 28. Nxf5 exf5 29. d5 Ne4 30. Bxg7 Kxg7 31. Nd4 Kg8 32. Qb2 Qe5 33. Rc2 Nd6
34. Kh1 Rc8 35. Re2 Qf6 36. Rxe8+ Rxe8 37. Nb5 a6 38. Nxd6 Qxd6 39. a4 Rb8 40.
Rb1 Bc8 41. Qb4 Qxb4 42. Rxb4 a5 43. Rb1 Rb7 44. d6 Kf8 45. Be2 Bd7 46. c5 Bxa4
47. Rxb6 1-0

[Event "XV Festival A"]
[Site "Padova ITA"]
[Date "2012.12.18"]
[Round "3"]
[White "Solomon, Kenny"]
[Black "Parrella, Alfredo"]
[WhiteElo "2440"]
[BlackElo "2086"]
[Result "1-0"]
[PlyCount "127"]
[EventDate "2012.12.16"]

1. Nf3 d5 2. d4 Nf6 3. c4 c6 4. Nc3 dxc4 5. a4 Bf5 6. Ne5 Nbd7 7. Nxc4 Nb6 8.
Ne5 a5 9. Bg5 g6 10. e3 Bg7 11. Bd3 Bxd3 12. Nxd3 Nbd5 13. Qb3 Qb6 14. Qxb6
Nxb6 15. Ke2 Nfd7 16. Ra3 f5 17. Rb3 Ra7 18. Rc1 e6 19. f3 Nd5 20. e4 Ne7 21.
Be3 b6 22. Nb1 Kf7 23. Nd2 Rb8 24. Nc4 Nc8 25. Bf4 Rba8 26. Nce5+ Nxe5 27.
Nxe5+ Bxe5 28. Bxe5 b5 29. Rxc6 bxa4 30. Rbc3 Ne7 31. Rc7 Ke8 32. Bd6 Ng8 33.
Be5 Rxc7 34. Rxc7 Rb8 35. Rc2 Rb3 36. Rc8+ Kf7 37. Rc7+ Ke8 38. Rc8+ Kf7 39. d5
exd5 40. exd5 Rb5 41. Rc7+ Ke8 42. Rxh7 Rxd5 43. Bc3 Ne7 44. Rh4 a3 45. bxa3
Kd7 46. Rc4 Nc6 47. a4 Kd6 48. h4 Kd7 49. g3 Kd6 50. Bg7 Kd7 51. Bb2 Kd6 52. g4
Kd7 53. Bc3 fxg4 54. fxg4 Kd6 55. Rf4 g5 56. Rf6+ Kc5 57. h5 Nd4+ 58. Bxd4+
Rxd4 59. Rf5+ Kd6 60. Rxg5 Ke7 61. h6 Kf6 62. Rg8 Re4+ 63. Kd3 Re7 64. g5+ 1-0

[Event "XV Festival A"]
[Site "Padova ITA"]
[Date "2012.12.18"]
[Round "3"]
[White "Tsalughelashvili, Lile"]
[Black "Laketic, Gojko"]
[WhiteElo "2085"]
[BlackElo "2425"]
[Result "0-1"]
[PlyCount "64"]
[EventDate "2012.12.16"]

1. d4 Nf6 2. c4 g6 3. Nc3 d5 4. Nf3 Bg7 5. Qb3 dxc4 6. Qxc4 O-O 7. e4 Nfd7 8.
Be3 Nb6 9. Qb3 Bg4 10. Rd1 Nc6 11. d5 Ne5 12. Be2 Nxf3+ 13. Bxf3 Bxf3 14. gxf3
Qc8 15. Nb5 Qh3 16. Ke2 Be5 17. Rdg1 Rfc8 18. f4 Bg7 19. f5 c6 20. dxc6 bxc6
21. Nd4 Nd7 22. Qc2 Qh5+ 23. f3 Rab8 24. b3 c5 25. Ne6 fxe6 26. Rg5 Qh4 27.
fxg6 h6 28. Rg4 Qf6 29. Rd1 Nf8 30. h4 c4 31. b4 Rxb4 32. Bd4 e5 0-1

[Event "XV Festival A"]
[Site "Padova ITA"]
[Date "2012.12.18"]
[Round "3"]
[White "Viaggi, Stefano"]
[Black "Rossi, Carlo"]
[WhiteElo "2042"]
[BlackElo "2286"]
[Result "0-1"]
[PlyCount "92"]
[EventDate "2012.12.16"]

1. d4 f5 2. Nf3 Nf6 3. Bf4 g6 4. e3 Bg7 5. h3 d6 6. Bc4 c6 7. Nc3 a5 8. Ng5 d5
9. Bd3 a4 10. Nxa4 Rxa4 11. Bxb8 Qa5+ 12. Qd2 Qa8 13. Be5 Rxa2 14. Rxa2 Qxa2
15. Qc1 O-O 16. O-O h6 17. Nf3 Be6 18. Qa1 Ra8 19. Qxa2 Rxa2 20. Rb1 Nd7 21.
Bxg7 Kxg7 22. b4 Kf6 23. Kf1 Bf7 24. Ke1 g5 25. Nd2 e5 26. c3 Bh5 27. f3 e4 28.
fxe4 fxe4 29. Be2 Bxe2 30. Kxe2 Nb6 31. Ke1 Nc4 32. Nxc4 dxc4 33. b5 Ke6 34.
bxc6 bxc6 35. Rb8 Rxg2 36. Rh8 Rc2 37. Rxh6+ Kd7 38. h4 Rxc3 39. Ke2 Rc2+ 40.
Kd1 Rg2 41. hxg5 c3 42. Rh4 Kd6 43. Rxe4 Kd5 44. Rh4 Kc4 45. e4 Kb3 46. Rh3 Kb2
0-1

[Event "XV Festival A"]
[Site "Padova ITA"]
[Date "2012.12.18"]
[Round "4"]
[White "Baschirotto, Marco"]
[Black "Bonan, Yves"]
[WhiteElo "1888"]
[BlackElo "1891"]
[Result "1-0"]
[PlyCount "29"]
[EventDate "2012.12.16"]

1. d4 d5 2. c4 Bf5 3. Nc3 e6 4. Nf3 c6 5. g3 Bb4 6. Bg2 Be4 7. O-O dxc4 8. Bh3
Bxf3 9. exf3 Ne7 10. Be3 O-O 11. Rb1 b5 12. Re1 Re8 13. Qc2 Nd5 14. f4 g6 15.
Re2 {...} 1-0

[Event "XV Festival A"]
[Site "Padova ITA"]
[Date "2012.12.18"]
[Round "4"]
[White "Battagin, Mose'"]
[Black "Milazzo, Mario"]
[WhiteElo "1816"]
[BlackElo "2091"]
[Result "1/2-1/2"]
[PlyCount "84"]
[EventDate "2012.12.16"]

1. e4 e5 2. Nf3 Nc6 3. Bc4 Nf6 4. d3 Bc5 5. Nc3 h6 6. O-O d6 7. Nd5 Nxd5 8.
Bxd5 O-O 9. c3 Ne7 10. Bb3 Ng6 11. d4 Bb6 12. Be3 Qf6 13. h3 Nf4 14. Bxf4 Qxf4
15. dxe5 dxe5 16. Bc2 Be6 17. Qd2 Qf6 18. Qe2 Rae8 19. Nd2 Rd8 20. Rad1 a6 21.
a3 g5 22. Nc4 Rxd1 23. Bxd1 Bxc4 24. Qxc4 Rd8 25. Qe2 Qf4 26. Qg4 Qxg4 27. Bxg4
Rd2 28. b4 Rc2 29. a4 a5 30. Bc8 Rxc3 31. bxa5 Bxa5 32. Bxb7 Ra3 33. Bc6 Bb6
34. Rd1 Ra2 35. Rd7 Ra1+ 36. Kh2 Bxf2 37. Rxc7 h5 38. g4 h4 39. Kg2 Bd4 40. Bd5
Rg1+ 41. Kh2 Rf1 42. a5 Rf2+ 1/2-1/2

[Event "XV Festival A"]
[Site "Padova ITA"]
[Date "2012.12.18"]
[Round "4"]
[White "Bozzao, Francesco"]
[Black "Kassel, Walter"]
[WhiteElo "1857"]
[BlackElo "1912"]
[Result "1-0"]
[PlyCount "79"]
[EventDate "2012.12.16"]

1. d4 Nf6 2. Nf3 g6 3. g3 Bg7 4. Bg2 O-O 5. O-O d6 6. c4 c5 7. d5 Bd7 8. Nc3
Qc8 9. Re1 Na6 10. e4 Ng4 11. Bf4 Ne5 12. Nxe5 dxe5 13. Bg5 f6 14. Be3 g5 15.
Rc1 Bg4 16. f3 Bd7 17. Qd2 b6 18. f4 gxf4 19. gxf4 Bh3 20. Re2 exf4 21. Bxf4
Kh8 22. Kh1 Rg8 23. Rg1 Bg4 24. Rf2 Qd7 25. Qe3 Rae8 26. Bf3 Bxf3+ 27. Rxf3 e6
28. Bh6 Bxh6 29. Rxg8+ Rxg8 30. Qxh6 exd5 31. Qxf6+ Rg7 32. exd5 Nc7 33. Rg3
Kg8 34. Rxg7+ Qxg7 35. Qd8+ Qf8 36. Qg5+ Kf7 37. Ne4 Ne8 38. h4 Qh8 39. d6 Qd4
40. Qe7+ 1-0

[Event "XV Festival A"]
[Site "Padova ITA"]
[Date "2012.12.18"]
[Round "4"]
[White "Buchicchio, Giancarlo"]
[Black "Mosca, Leonildo"]
[WhiteElo "2069"]
[BlackElo "2113"]
[Result "1/2-1/2"]
[PlyCount "58"]
[EventDate "2012.12.16"]

1. e4 Nf6 2. e5 Nd5 3. Nc3 Nxc3 4. bxc3 d6 5. Nf3 Nc6 6. exd6 exd6 7. d4 Be7 8.
Bd3 Bg4 9. Rb1 Rb8 10. Qe2 d5 11. h3 Bh5 12. Bb5 O-O 13. O-O Bd6 14. Bxc6 bxc6
15. Rb3 Rb6 16. c4 Rxb3 17. axb3 Re8 18. Qd3 Bg6 19. Qc3 Qf6 20. c5 Bf4 21.
Bxf4 Qxf4 22. Ra1 Re2 23. Re1 Qe4 24. Rxe2 Qxe2 25. Qb4 h6 26. Qb8+ Kh7 27.
Qxc7 Qxc2 28. Qxa7 Qc1+ 29. Kh2 Qf4+ 1/2-1/2

[Event "XV Festival A"]
[Site "Padova ITA"]
[Date "2012.12.18"]
[Round "4"]
[White "Burmakin, Vladimir"]
[Black "Shishkin, Vadim"]
[WhiteElo "2558"]
[BlackElo "2501"]
[Result "1-0"]
[PlyCount "123"]
[EventDate "2012.12.16"]

1. d4 Nf6 2. Nf3 g6 3. Bf4 Bg7 4. c3 b6 5. e3 Bb7 6. h3 d6 7. Be2 O-O 8. O-O
Nbd7 9. a4 a5 10. Na3 Re8 11. Nb5 e5 12. Bh2 Rc8 13. Qb3 Qe7 14. Rfd1 Red8 15.
Qa3 Ne8 16. d5 Ra8 17. Qa2 f5 18. Qc4 h6 19. e4 f4 20. Nd2 Ndf6 21. b4 g5 22.
bxa5 bxa5 23. g4 fxg3 24. fxg3 g4 25. h4 h5 26. Rab1 Rdc8 27. Nf1 Bh6 28. Bd3
Qd7 29. Qa2 Ba6 30. Kh1 Kh8 31. Re1 c6 32. dxc6 Rxc6 33. Bg1 Bb7 34. Kh2 Rcc8
35. Rbd1 Bc6 36. Be3 Bxe3 37. Rxe3 Nc7 38. Qd2 Nce8 39. Ree1 Qh7 40. c4 Rd8 41.
Qf2 Kg8 42. Nd2 Qe7 43. Rf1 Nd7 44. Qf5 Ng7 45. Qg6 Nc5 46. Bc2 Nce6 47. Nb3
Rf8 48. Rf5 Be8 49. Qh6 Nxf5 50. exf5 Rf6 51. Qd2 Bxb5 52. cxb5 Raf8 53. Nxa5
Nd4 54. Nc6 Nf3+ 55. Kh1 Nxd2 56. Nxe7+ Kf7 57. Nd5 Nc4 58. Bb3 Na5 59. Nxf6+
Nxb3 60. Rxd6 Nc5 61. a5 Ke7 62. Rc6 1-0

[Event "XV Festival A"]
[Site "Padova ITA"]
[Date "2012.12.18"]
[Round "4"]
[White "De Santis, Alessio"]
[Black "Lantini, Marco"]
[WhiteElo "2281"]
[BlackElo "2186"]
[Result "1/2-1/2"]
[PlyCount "33"]
[EventDate "2012.12.16"]

1. Nf3 d5 2. e3 Nf6 3. c4 g6 4. b3 Bg7 5. Bb2 O-O 6. cxd5 Nxd5 7. Bxg7 Kxg7 8.
Nc3 Nc6 9. Bc4 Nxc3 10. dxc3 Bg4 11. Be2 e5 12. h3 Bd7 13. e4 Qe7 14. Qc1 Nd8
15. O-O f6 16. Re1 Ne6 17. b4 1/2-1/2

[Event "XV Festival A"]
[Site "Padova ITA"]
[Date "2012.12.18"]
[Round "4"]
[White "Dvirnyy, Danyyil"]
[Black "Mogranzini, Roberto"]
[WhiteElo "2537"]
[BlackElo "2489"]
[Result "1/2-1/2"]
[PlyCount "22"]
[EventDate "2012.12.16"]

1. d4 d5 2. c4 c6 3. Nf3 Nf6 4. cxd5 cxd5 5. Nc3 a6 6. Bf4 Nc6 7. e3 Bf5 8. Bd3
Bxd3 9. Qxd3 e6 10. O-O Bd6 11. Bxd6 Qxd6 1/2-1/2

[Event "XV Festival A"]
[Site "Padova ITA"]
[Date "2012.12.18"]
[Round "4"]
[White "Gallo, Enrico"]
[Black "Cardili, Mariano"]
[WhiteElo "2074"]
[BlackElo "2126"]
[Result "1/2-1/2"]
[PlyCount "22"]
[EventDate "2012.12.16"]

1. e4 c6 2. d4 d5 3. exd5 cxd5 4. c4 Nf6 5. Nc3 Nc6 6. cxd5 Nxd5 7. Bc4 Nb6 8.
Bb5 e6 9. Nf3 Be7 10. O-O O-O 11. Be3 Bf6 1/2-1/2

[Event "XV Festival A"]
[Site "Padova ITA"]
[Date "2012.12.18"]
[Round "4"]
[White "Giuriato, Sergio"]
[Black "Buchicchio, Alessandro"]
[WhiteElo "1959"]
[BlackElo "1956"]
[Result "1-0"]
[PlyCount "71"]
[EventDate "2012.12.16"]

1. d4 Nf6 2. c4 g6 3. Nf3 Bg7 4. g3 d6 5. Bg2 O-O 6. Nc3 Nbd7 7. O-O e5 8. h3
exd4 9. Nxd4 Nb6 10. b3 a6 11. e4 Re8 12. Bg5 h6 13. Be3 Bd7 14. Qd2 Kh7 15.
Rad1 Qc8 16. Kh2 Re5 17. g4 h5 18. g5 Ng8 19. f4 Re7 20. f5 Bxd4 21. fxg6+ fxg6
22. Bxd4 c5 23. Bf2 Qd8 24. Qxd6 Rc8 25. Bxc5 Rc6 26. Qd4 Rxc5 27. Qxc5 Qb8+
28. Qd6 Qd8 29. Qf4 Qc8 30. Rd6 Be8 31. Rxb6 Rf7 32. Qxf7+ Bxf7 33. Rxf7+ Kh8
34. Rbxb7 Nh6 35. gxh6 Kg8 36. Nd5 1-0

[Event "XV Festival A"]
[Site "Padova ITA"]
[Date "2012.12.18"]
[Round "4"]
[White "Laketic, Gojko"]
[Black "Sanchez, Joseph"]
[WhiteElo "2425"]
[BlackElo "2533"]
[Result "1-0"]
[PlyCount "67"]
[EventDate "2012.12.16"]

1. d4 d5 2. c4 c6 3. Nf3 e6 4. Nbd2 Nf6 5. e3 Nbd7 6. a3 b6 7. b3 a5 8. Bb2 Be7
9. Be2 O-O 10. O-O Bb7 11. Rc1 Rc8 12. Qc2 c5 13. Qb1 Ne4 14. dxc5 Nxd2 15.
Nxd2 bxc5 16. Bd3 h6 17. cxd5 Bxd5 18. Rfd1 Rb8 19. a4 Qc7 20. Bb5 Nf6 21. h3
Rbd8 22. Qc2 Ba8 23. Qc3 Rd5 24. e4 Rg5 25. Qe3 Qb7 26. Nf3 Rh5 27. Rc4 Rc8 28.
Ne5 Qb8 29. f4 Bd6 30. Qg3 Bxe4 31. Nd7 Rg5 32. Qxg5 hxg5 33. Nxb8 Bxf4 34.
Bxf6 1-0

[Event "XV Festival A"]
[Site "Padova ITA"]
[Date "2012.12.18"]
[Round "4"]
[White "Manca, Federico"]
[Black "Damia, Angelo"]
[WhiteElo "2433"]
[BlackElo "2281"]
[Result "1/2-1/2"]
[PlyCount "75"]
[EventDate "2012.12.16"]

1. e4 Nf6 2. e5 Nd5 3. d4 d6 4. Nf3 dxe5 5. Nxe5 c6 6. Bc4 Be6 7. Qf3 Nd7 8.
Nd3 g6 9. O-O Bg7 10. c3 O-O 11. Nd2 Nc7 12. Re1 Bd5 13. Qg3 Ne8 14. Bb3 Bxb3
15. Nxb3 Nd6 16. Bf4 Nf6 17. Qf3 Re8 18. Nbc5 b6 19. Nb3 Rc8 20. Re2 Nc4 21.
Rae1 e6 22. Ne5 Qd5 23. Nxc4 Qxc4 24. Be5 Qd5 25. Qd3 Red8 26. c4 Qd7 27. Qc3
Ne8 28. h3 Bxe5 29. dxe5 Qd3 30. Qxd3 Rxd3 31. Rd2 Rxd2 32. Nxd2 Rd8 33. Ne4 c5
34. f3 Rd4 35. b3 Nc7 36. Kf2 Na6 37. a3 Nb8 38. Ke3 1/2-1/2

[Event "XV Festival A"]
[Site "Padova ITA"]
[Date "2012.12.18"]
[Round "4"]
[White "Massironi, Marco"]
[Black "Boscolo, Federico"]
[WhiteElo "2214"]
[BlackElo "2320"]
[Result "1-0"]
[PlyCount "57"]
[EventDate "2012.12.16"]

1. e4 c5 2. Nf3 Nc6 3. d4 cxd4 4. Nxd4 Qb6 5. Nb3 Nf6 6. Nc3 e6 7. Qe2 Bb4 8.
Bd2 O-O 9. a3 Be7 10. O-O-O d5 11. e5 Nd7 12. Be3 Qc7 13. f4 a6 14. Nd4 b5 15.
Qh5 Na5 16. Bd3 g6 17. Qh6 Nb6 18. f5 exf5 19. Nxf5 Bxf5 20. Bxb6 Qxb6 21. Bxf5
d4 22. Ne4 Nc4 23. h4 Rfd8 24. Ng5 Bxg5+ 25. hxg5 gxf5 26. Qxh7+ Kf8 27. Rh6
Qc7 28. Qh8+ Ke7 29. Qf6+ 1-0

[Event "XV Festival A"]
[Site "Padova ITA"]
[Date "2012.12.18"]
[Round "4"]
[White "Mrdja, Milan"]
[Black "Collutiis, Duilio"]
[WhiteElo "2387"]
[BlackElo "2495"]
[Result "1/2-1/2"]
[PlyCount "31"]
[EventDate "2012.12.16"]

1. e4 e5 2. Nf3 Nc6 3. Nc3 Nf6 4. Bb5 Bd6 5. O-O O-O 6. Re1 Re8 7. h3 Bf8 8. a3
d6 9. d4 Bd7 10. Bg5 exd4 11. Nxd4 Be7 12. Bxc6 bxc6 13. Qf3 c5 14. Nf5 Bxf5
15. Qxf5 Nd7 16. Bxe7 1/2-1/2

[Event "XV Festival A"]
[Site "Padova ITA"]
[Date "2012.12.18"]
[Round "4"]
[White "Parrella, Alfredo"]
[Black "Franco, Alessandro P."]
[WhiteElo "2086"]
[BlackElo "1906"]
[Result "1/2-1/2"]
[PlyCount "21"]
[EventDate "2012.12.16"]

1. c4 d5 2. d4 e6 3. Nf3 Nf6 4. g3 c6 5. Bg2 Bd6 6. Nbd2 Nbd7 7. O-O O-O 8. Qc2
Re8 9. b3 Qe7 10. e3 e5 11. dxe5 1/2-1/2

[Event "XV Festival A"]
[Site "Padova ITA"]
[Date "2012.12.18"]
[Round "4"]
[White "Quaranta, Cristiano"]
[Black "D'Orta, Antonio"]
[WhiteElo "2102"]
[BlackElo "1934"]
[Result "1-0"]
[PlyCount "91"]
[EventDate "2012.12.16"]

1. d4 c6 2. c4 d5 3. Nf3 Nf6 4. e3 g6 5. Nc3 Bg7 6. h3 O-O 7. Be2 b6 8. O-O Bb7
9. Qb3 Nbd7 10. cxd5 cxd5 11. Bd2 Ne4 12. Nxd5 Ne5 13. Nxe7+ Qxe7 14. dxe5 Nxd2
15. Nxd2 Rad8 16. Nf3 Qc5 17. Rac1 Qe7 18. Rfd1 Rc8 19. Rxc8 Rxc8 20. Nd4 Bxe5
21. Bf3 Bb8 22. Bxb7 Qxb7 23. Nf3 Qc7 24. Qd3 h6 25. Qd7 Qc2 26. g3 Rf8 27. Qd2
Qf5 28. Kg2 Kg7 29. Qd4+ Kh7 30. Qd7 Qf6 31. Qd4 Qc6 32. Rd2 Kg8 33. Qd5 Qc1
34. h4 Bc7 35. Qb7 Rb8 36. Qxa7 Qc6 37. Qa3 g5 38. hxg5 hxg5 39. Qe7 g4 40.
Qg5+ Kf8 41. Qxg4 Bd6 42. Qd4 Rd8 43. Qf6 Rd7 44. e4 Kg8 45. e5 Be7 46. Qxc6
1-0

[Event "XV Festival A"]
[Site "Padova ITA"]
[Date "2012.12.18"]
[Round "4"]
[White "Rossi, Carlo"]
[Black "Solomon, Kenny"]
[WhiteElo "2286"]
[BlackElo "2440"]
[Result "0-1"]
[PlyCount "80"]
[EventDate "2012.12.16"]

1. e4 d6 2. f4 c5 3. Nf3 Nc6 4. Bc4 e6 5. Nc3 a6 6. a3 Nf6 7. Ba2 Be7 8. O-O
O-O 9. Kh1 b5 10. d3 d5 11. e5 Nd7 12. Qe1 Nb6 13. Qg3 f5 14. exf6 Bxf6 15. Bd2
Ra7 16. Rae1 Raf7 17. Nd1 e5 18. Rf2 exf4 19. Bxf4 Nd4 20. Ng5 Re7 21. Rg1 Nf5
22. Qh3 h6 23. Nf3 Nd4 24. Qg3 Nf5 25. Qg6 Qe8 26. Qxe8 Rfxe8 27. g4 Nd4 28.
Bd6 Nxf3 29. Rxf3 Re1 30. Bxc5 Bxg4 31. Rff1 Be2 32. Bxb6 Rxf1 33. Bxd5+ Kh8
34. Nc3 Rxg1+ 35. Kxg1 Bxc3 36. bxc3 Bd1 37. c4 bxc4 38. dxc4 Bxc2 39. c5 Ba4
40. c6 Bxc6 0-1

[Event "XV Festival A"]
[Site "Padova ITA"]
[Date "2012.12.18"]
[Round "4"]
[White "Santolini, Luigi"]
[Black "Viaggi, Stefano"]
[WhiteElo "2144"]
[BlackElo "2042"]
[Result "0-1"]
[PlyCount "136"]
[EventDate "2012.12.16"]

1. e4 g6 2. d4 Bg7 3. Nf3 d6 4. Be2 Nd7 5. O-O e6 6. c4 Ne7 7. Nc3 b6 8. Re1
Bb7 9. b3 O-O 10. Bb2 h6 11. Qc2 a6 12. Rad1 Rc8 13. Qb1 Qe8 14. b4 g5 15. d5
e5 16. Bd3 Ng6 17. Ne2 Rb8 18. Ng3 Bc8 19. Nd2 Nf4 20. Nb3 Nf6 21. a3 h5 22.
Bc2 h4 23. Nf5 Ng4 24. Ne3 Qe7 25. a4 Qf6 26. Rd2 h3 27. Nxg4 Bxg4 28. f3 Bh5
29. g4 Bg6 30. Rf2 Rfc8 31. c5 bxc5 32. bxc5 dxc5 33. Nd2 Rb4 34. Qa1 Ng2 35.
Rc1 Rcb8 36. Bc3 a5 37. Bxb4 Rxb4 38. Bd3 Qb6 39. Nc4 Qa7 40. Bf1 Nf4 41. Rd2
f6 42. Kf2 Be8 43. Ra2 Bf8 44. Kg3 c6 45. d6 Qh7 46. Kf2 Ne6 47. Nxa5 Bxd6 48.
Nc4 Bb8 49. a5 Nd4 50. Rc3 Ba7 51. Qc1 Bf7 52. Qd1 Be6 53. Ra1 Qh4+ 54. Ke3 Kg7
55. Rac1 f5 56. exf5 Bxf5 57. Bd3 e4 58. Bxe4 Bxe4 59. fxe4 Bb8 60. e5 Ra4 61.
Rb1 Ra2 62. Rb7+ Kh6 63. Nb2 Rxb2 64. Rxb2 Bxe5 65. Qf1 Qxg4 66. Rf2 Bf4+ 67.
Kd3 Qf5+ 68. Kc4 Qd5+ 0-1

[Event "XV Festival A"]
[Site "Padova ITA"]
[Date "2012.12.18"]
[Round "4"]
[White "Sibilio, Mario"]
[Black "Del Monaco, Andrea"]
[WhiteElo "2349"]
[BlackElo "2247"]
[Result "1/2-1/2"]
[PlyCount "81"]
[EventDate "2012.12.16"]

1. d4 Nf6 2. c4 e6 3. Nc3 Bb4 4. Bg5 h6 5. Bh4 c5 6. d5 Bxc3+ 7. bxc3 d6 8. e3
e5 9. Qc2 Qe7 10. Nf3 g5 11. Bg3 e4 12. Nd2 Bf5 13. Be2 Nbd7 14. Rb1 b6 15. h4
O-O 16. hxg5 hxg5 17. f4 Rae8 18. Nf1 Kg7 19. fxg5 Nh7 20. Bf4 Bg6 21. Ng3 Nxg5
22. Rh5 f6 23. Kf2 Ne5 24. Rbh1 Nd3+ 25. Kg1 Rh8 26. Qd1 Ne5 27. Qf1 Rxh5 28.
Rxh5 Rh8 29. Bxg5 fxg5 30. Nf5+ Bxf5 31. Rxh8 Kxh8 32. Qxf5 Kg7 33. Bh5 Kh6 34.
Qh3 Kg7 35. Qf5 Kh6 36. Be2 Ng6 37. Qh3+ Kg7 38. Bh5 Qf6 39. Qd7+ Qe7 40. Qf5
Nh4 41. Qc8 1/2-1/2

[Event "XV Festival A"]
[Site "Padova ITA"]
[Date "2012.12.18"]
[Round "4"]
[White "Tsalughelashvili, Lile"]
[Black "Dorigo, Tommaso"]
[WhiteElo "2085"]
[BlackElo "1899"]
[Result "1/2-1/2"]
[PlyCount "20"]
[EventDate "2012.12.16"]

1. d4 d5 2. c4 Bf5 3. Nc3 e6 4. Nf3 c6 5. g3 Nf6 6. Bg2 Nbd7 7. Nd2 Be7 8. O-O
O-O 9. Qb3 Qb6 10. Qxb6 axb6 1/2-1/2

[Event "XV Festival A"]
[Site "Padova ITA"]
[Date "2012.12.18"]
[Round "4"]
[White "Viola, Enrico"]
[Black "Litrico, Paolo"]
[WhiteElo "1865"]
[BlackElo "1978"]
[Result "0-1"]
[PlyCount "56"]
[EventDate "2012.12.16"]

1. Nf3 f5 2. c4 Nf6 3. b3 d6 4. d4 g6 5. Bb2 Bg7 6. Nc3 O-O 7. g3 c6 8. Bg2 Qe8
9. O-O e5 10. dxe5 dxe5 11. Ng5 h6 12. Nf3 e4 13. Nd4 Nbd7 14. Kh1 Ng4 15. h3
Nge5 16. f3 e3 17. f4 Nf7 18. Nc2 Qe6 19. Rf3 g5 20. Rxe3 Qg6 21. Nd4 Nf6 22.
Qf1 Nh5 23. Nxf5 Qxf5 24. Ba3 Rd8 25. Be7 Re8 26. g4 Qxf4 27. Bxg5 Qxf1+ 28.
Rxf1 Rxe3 0-1

[Event "XV Festival A"]
[Site "Padova ITA"]
[Date "2012.12.19"]
[Round "5"]
[White "Bonan, Yves"]
[Black "Viola, Enrico"]
[WhiteElo "1891"]
[BlackElo "1865"]
[Result "1-0"]
[PlyCount "44"]
[EventDate "2012.12.16"]

1. Nf3 d5 2. g3 Bg4 3. Bg2 c6 4. d3 Nf6 5. h3 Bh5 6. O-O h6 7. Nbd2 e6 8. c4
Nbd7 9. cxd5 cxd5 10. e4 Qc7 11. exd5 Nxd5 12. g4 Bg6 13. Ne4 Be7 14. Bd2 O-O
15. Rc1 Qb6 16. Bc3 Nf4 17. Qd2 Nxd3 18. Qxd3 Nc5 19. Qd4 e5 20. Qxe5 Ne6 21.
Nd4 Nxd4 22. Bxd4 Bf6 1-0